| 000 | 00504nam a22001937a 4500 | ||
|---|---|---|---|
| 003 | OSt | ||
| 005 | 20260106113311.0 | ||
| 008 | 260106b |||||||| |||| 00| 0 eng d | ||
| 020 | _a978-93-6899-191-5 | ||
| 040 | _cSBCL | ||
| 082 |
_a610 _bABR-C |
||
| 100 | _aAbraham,Jose | ||
| 245 |
_aChikilsaykkappuram Aarogyam _bDoctormarude Kazhchappadukal |
||
| 260 |
_aThrissur _bH&C Publishing House _c2025 |
||
| 300 | _a160p. | ||
| 630 | _xTechnology | ||
| 650 | _aMedicine & health | ||
| 942 | _cBOOK | ||
| 999 |
_c137668 _d137668 |
||